| 000 | 00365nam a22001457a 4500 | ||
|---|---|---|---|
| 020 | _a9788177585803 | ||
| 040 | _cNUST | ||
| 082 | _a620.106 ESP | ||
| 100 |
_aEsposito, Anthony _918460 |
||
| 245 |
_aFluid Power _bWith Applications |
||
| 250 | _a6th Edition | ||
| 260 |
_aNew Delhi: _bPearson Education, _c2009. |
||
| 650 |
_aFluid Power _961595 |
||
| 942 |
_2ddc _cBK |
||
| 999 |
_c594780 _d594780 |
||